000 00555nam a22002297a 4500
003 UA-OsUOA
001 124450
007 ta
008 20170810b un ||||| |||| 00| 0 ukr d
100 _aSevcsenko Taras
090 _a821.111
_bШ37
942 _cBK
040 _aUA-OsUOA
_bhun
_cUA-OsUOA
_dUA-OsUOA
245 _aKobzos
300 _a399 c. с.
955 _a3
041 _ahun
080 _a821.111
260 _aК.
_bModus Coloris
_c2006
650 7 _a82 Література. Літературознавство
_2UDC
999 _c411588
_d411588